Turismo y patrimonio industrial (Registro nro. 5501)

Detalles MARC
000 -CABECERA
campo de control de longitud fija 00708ata a2200241 4500
005 - FECHA Y HORA DE ACTUALIZACIÓN
campo de control 20160823144746.0
008 - LONGITUD FIJA
campo de control de longitud fija 150514b xxu||||| |||| 00| 0 spa d
041 ## - IDIOMA
Código de idioma del texto/pista de sonido o título separado
082 ## - CLASIFICACIÓN DECIMAL DEWEY
Número de clasificación 1.1.34 P226t
100 ## - AUTOR PERSONAL
Nombre de persona Pardo Abad, Carlos
245 ## - TÍTULO PROPIAMENTE DICHO
Título Turismo y patrimonio industrial
260 ## - PIE DE IMPRENTA
Lugar de publicación, distribución, etc. España
Nombre del editor, distribuidor, etc. Síntesis
Fecha de publicación, distribución, etc. 2008
300 ## - DESCRIPCIÓN FÍSICA
Extensión 230 páginas
650 ## - Materia General
Materia general PATRIMONIO CULTURAL
650 ## - Materia General
Materia general PATRIMONIO INDUSTRIAL
650 ## - Materia General
Materia general TURISMO
650 ## - Materia General
Materia general CONSERVACIÓN DEL PATRIMONIO
650 ## - Materia General
Materia general RESTAURACIÓN DEL PATRIMONIO
650 ## - Materia General
Materia general PROMOCIÓN DEL TURISMO
650 ## - Materia General
Materia general MUSEOS
650 ## - Materia General
Materia general TERRITORIOS DEL PATRIMONIO
942 ## - Punto de Acceso Adicional Koha
Tipo de ítem Koha Libro
Existencias
Estado perdido Estado dañado No para préstamo Biblioteca permanente Biblioteca actual Signatura completa Código de barras Precio efectivo a partir del Tipo de ítem
      Departamento de Biblioteca y Documentación Alfonso Chase Brenes Departamento de Biblioteca y Documentación Alfonso Chase Brenes 1.1.34 P226t 14659 23/08/2016 Libro